[Event "Lueneburg op-B"]
[Site "Lueneburg"]
[Date "2017.07.13"]
[Round "6"]
[White "Schlemminger, Degenhard"]
[Black "Stolzenwald, Karl Heinz"]
[Result "1-0"]
[WhiteElo "1653"]
[BlackElo "1674"]
[PlyCount "107"]
[EventDate "2017.07.08"]
[EventType "swiss"]
[EventRounds "9"]
[EventCountry "GER"]
[SourceTitle "CBM 179 Extra"]
[Source "ChessBase"]
[SourceDate "2017.08.23"]
[SourceVersion "1"]
[SourceVersionDate "2017.08.23"]
[SourceQuality "1"]

1. d4 Nf6 2. c4 e6 3. Nf3 d5 4. e3 b6 5. cxd5 Nxd5 6. Bd2 Bd6 7. Nc3 Bb7 8. Nb5 Be7 9. Rc1 c6 10. Nc3 Nd7 11. Nxd5 cxd5 12. Bb5 a6 13. Bd3 0-0 14. 0-0 Bd6 15. Bc3 f5 16. g3 Qe7 17. a3 b5 18. Qb3 Kh8 19. Bb4 Bxb4 20. Qxb4 Qxb4 21. axb4 Rac8 22. Ng5 e5 23. Ne6 Rfe8 24. Nc5 Nxc5 25. dxc5 e4 26. Be2 g6 27. Rc2 Kg7 28. Rd1 Kf6 29. Rdc1 Bc6 30. Ra1 Ra8 31. b3 Red8 32. Rca2 a5 33. Rxa5 Rdb8 34. Rxa8 Bxa8 35. Ra6+ Ke5 36. Kf1 d4 37. exd4+ Kxd4 38. Rb6 Rxb6 39. cxb6 Kc3 40. Bxb5 Kxb4 41. Ba6 Kxb3 42. b7 Bxb7 43. Bxb7 Kc3 44. Ke2 Kd4 45. h4 h6 46. Bc8 Ke5 47. Ke3 g5 48. f3 f4+ 49. gxf4+ gxf4+ 50. Ke2 e3 51. Kd3 h5 52. Ba6 Kd5 53. Bb5 Ke5 54. Be8 1-0

[Event "Lueneburg op-B"]
[Site "Lueneburg"]
[Date "2017.07.12"]
[Round "5"]
[White "Stolzenwald, Karl Heinz"]
[Black "Merettig, Georg"]
[Result "1/2-1/2"]
[WhiteElo "1674"]
[BlackElo "1785"]
[PlyCount "37"]
[EventDate "2017.07.08"]
[EventType "swiss"]
[EventRounds "9"]
[EventCountry "GER"]
[SourceTitle "CBM 179 Extra"]
[Source "ChessBase"]
[SourceDate "2017.08.23"]
[SourceVersion "1"]
[SourceVersionDate "2017.08.23"]
[SourceQuality "1"]

1. Nf3 Nc6 2. d4 e6 3. c4 f5 4. Nc3 Nf6 5. d5 exd5 6. cxd5 Ne7 7. Bg5 Ng6 8. e4 fxe4 9. Nd4 Bb4 10. Bc4 h6 11. Bd2 Ne5 12. Qb3 Bc5 13. Be3 b6 14. 0-0-0 a5 15. h3 Nxc4 16. Qxc4 Ba6 17. Qa4 Bd3 18. Ne6 b5 19. Nb1 1/2-1/2

[Event "Lueneburg op-B"]
[Site "Lueneburg"]
[Date "2017.07.09"]
[Round "2"]
[White "Stolzenwald, Karl Heinz"]
[Black "Finkhaeuser, Jens"]
[Result "1/2-1/2"]
[WhiteElo "1674"]
[BlackElo "1756"]
[PlyCount "68"]
[EventDate "2017.07.08"]
[EventType "swiss"]
[EventRounds "9"]
[EventCountry "GER"]
[SourceTitle "CBM 179 Extra"]
[Source "ChessBase"]
[SourceDate "2017.08.23"]
[SourceVersion "1"]
[SourceVersionDate "2017.08.23"]
[SourceQuality "1"]

1. d4 Nf6 2. Nf3 g6 3. g3 Bg7 4. Bg2 0-0 5. 0-0 d5 6. Nc3 Nc6 7. Re1 e6 8. Bg5 h6 9. Bd2 Ne4 10. Nxe4 dxe4 11. Ne5 Nxd4 12. Ng4 Kh7 13. Qc1 g5 14. c3 Nb5 15. f4 exf3 16. exf3 Nd6 17. h4 f5 18. Ne5 gxh4 19. g4 h3 20. Bxh3 Qh4 21. Kg2 Bxe5 22. Rxe5 fxg4 23. Bxg4 Nf5 24. Qe1 Qf6 25. Qe4 Rg8 26. Rh1 Rg6 27. Bxh6 Rxh6 28. Rxh6+ Qxh6 29. Bxf5+ exf5 30. Re7+ Kg6 31. Qe5 f4 32. Qxc7 Bh3+ 33. Kf2 Qh4+ 34. Ke2 Qf6 1/2-1/2

[Event "Lueneburg op-B"]
[Site "Lueneburg"]
[Date "2015.08.17"]
[Round "3"]
[White "Stolzenwald, Karl Heinz"]
[Black "Krause, Holger"]
[Result "1-0"]
[WhiteElo "1731"]
[BlackElo "1327"]
[PlyCount "67"]
[EventDate "2015.08.15"]
[EventType "swiss"]
[EventRounds "9"]
[EventCountry "GER"]
[SourceTitle "EXT 2016"]
[Source "ChessBase"]
[SourceDate "2015.10.08"]
[SourceVersion "1"]
[SourceVersionDate "2015.10.08"]
[SourceQuality "1"]

1. b4 e5 2. Bb2 Bxb4 3. Bxe5 Nf6 4. Nf3 d6 5. Bb2 Nc6 6. a3 Ba5 7. e3 0-0 8. Be2 Re8 9. 0-0 h6 10. d3 Bg4 11. Nbd2 Bh5 12. Nc4 Bb6 13. Nxb6 axb6 14. h3 Qe7 15. Qd2 Qe6 16. Rfe1 Ra5 17. c4 Rd8 18. e4 Rda8 19. Nh4 Bxe2 20. Qxe2 b5 21. Nf5 bxc4 22. d4 Qd7 23. Qxc4 Ne7 24. Nxe7+ Qxe7 25. Qd3 Qd7 26. d5 Qb5 27. Qd2 Nd7 28. Re3 Ne5 29. Rg3 Kf8 30. Rc1 Qd7 31. f4 Ng6 32. Qc3 Ke8 33. Qxg7 Nxf4 34. Qh8+ 1-0

[Event "Arber op Seniors 1st"]
[Site "Bayerisch Eisenstein"]
[Date "2013.07.02"]
[Round "4"]
[White "Stolzenwald, Karl Heinz"]
[Black "Baier, Peter"]
[Result "0-1"]
[WhiteElo "1762"]
[BlackElo "1748"]
[PlyCount "127"]
[EventDate "2013.06.29"]
[EventType "swiss"]
[EventRounds "9"]
[EventCountry "GER"]
[SourceTitle "EXT 2014"]
[Source "ChessBase"]
[SourceDate "2013.11.20"]
[SourceVersion "1"]
[SourceVersionDate "2013.11.20"]
[SourceQuality "1"]

1. b4 b6 2. Bb2 Bb7 3. Nf3 d6 4. e3 Nf6 5. c4 Nbd7 6. d4 e6 7. a4 Be7 8. Bd3 0-0 9. b5 h6 10. Nbd2 d5 11. Rc1 Rc8 12. 0-0 c5 13. Bb1 cxd4 14. Nxd4 Nc5 15. N2f3 Nfd7 16. Nd2 Bf6 17. f4 Re8 18. Qc2 Nf8 19. N2f3 Ne4 20. Qd3 Nc5 21. Qc2 Ne4 22. Qe2 Nd6 23. Bd3 Nxc4 24. Bxc4 dxc4 25. Rfd1 Qe7 26. Rc3 Bxf3 27. Qxf3 Bxd4 28. Rxd4 Qb4 29. Qe2 Qxa4 30. Rdxc4 Qxb5 31. Qc2 Rxc4 32. Rxc4 Qf5 33. Qc3 f6 34. h3 e5 35. g4 Qb1+ 36. Kf2 exf4 37. exf4 Qd1 38. Kg3 Qe1+ 39. Qxe1 Rxe1 40. Rc7 Re3+ 41. Kf2 Rxh3 42. Kg2 Rd3 43. Bc1 a5 44. f5 Rd4 45. Kf3 b5 46. Be3 Rd5 47. Bc5 Nd7 48. Rc8+ Kh7 49. Be3 Ne5+ 50. Ke4 Rd7 51. g5 hxg5 52. Bxg5 Nc4 53. Bf4 Nd6+ 54. Bxd6 Rxd6 55. Rb8 b4 56. Rb5 Ra6 57. Kd3 a4 58. Rxb4 Ra5 59. Rh4+ Kg8 60. Ke4 a3 61. Rh1 a2 62. Ra1 Kf7 63. Kd4 Rxf5 64. Rxa2 0-1

[Event "Suedschwaben-ch"]
[Site "Sonthofen"]
[Date "2012.11.03"]
[Round "6.1"]
[White "Stolzenwald, Karl Heinz"]
[Black "Hess, Max"]
[Result "0-1"]
[WhiteElo "1584"]
[BlackElo "1897"]
[PlyCount "71"]
[EventDate "2012.11.01"]
[EventType "swiss"]
[EventRounds "7"]
[EventCountry "GER"]
[SourceTitle "EXT 2022"]
[Source "ChessBase"]
[SourceDate "2021.10.06"]
[SourceVersion "1"]
[SourceVersionDate "2021.10.06"]
[SourceQuality "1"]

1. b4 e5 2. Bb2 Bxb4 3. Bxe5 Nf6 4. c4 0-0 5. Nf3 Nc6 6. Bb2 d5 7. cxd5 Nxd5 8. e3 Qe7 9. Be2 Be6 10. 0-0 Rad8 11. d4 f5 12. g3 Kh8 13. a3 Bd6 14. Nbd2 Nf6 15. Bd3 Ne4 16. Qc2 Bd5 17. Bc4 Bxc4 18. Nxc4 Qe8 19. d5 Ne7 20. Nxd6 Rxd6 21. Qxc7 Rxd5 22. Rad1 Qd8 23. Qc2 Qa5 24. Rxd5 Nxd5 25. Qb3 Nb6 26. Qe6 Qd5 27. Qe7 Qf7 28. Qh4 Nc4 29. Bc1 Qf6 30. Qxf6 Rxf6 31. Nd4 Nc3 32. Re1 Rb6 33. Nxf5 Rb1 34. Kf1 Na2 35. Rd1 Rxc1 36. Ke1 0-1

[Event "Suedschwaben-ch"]
[Site "Sonthofen"]
[Date "2012.11.01"]
[Round "2.3"]
[White "Herold, Gunther"]
[Black "Stolzenwald, Karl Heinz"]
[Result "1-0"]
[WhiteElo "1736"]
[BlackElo "1584"]
[PlyCount "48"]
[EventDate "2012.11.01"]
[EventType "swiss"]
[EventRounds "7"]
[EventCountry "GER"]
[SourceTitle "EXT 2022"]
[Source "ChessBase"]
[SourceDate "2021.10.06"]
[SourceVersion "1"]
[SourceVersionDate "2021.10.06"]
[SourceQuality "1"]

1. f4 g6 2. Nf3 Bg7 3. e3 e6 4. Nc3 Ne7 5. Bd3 d6 6. b3 Nd7 7. Bb2 b6 8. 0-0 Bb7 9. Qe1 Nc5 10. Bb5+ c6 11. Be2 Ba6 12. d4 Bxe2 13. Qxe2 Nd7 14. Ne4 Qc7 15. c4 Nf6 16. Nf2 0-0 17. e4 Nd7 18. Ng4 f5 19. exf5 exf5 20. Qxe7 fxg4 21. Qe6+ Kh8 22. Qxg4 Rae8 23. Rae1 Nf6 24. Qh4 Ne4 1-0

[Event "Bad Woerishofen Seniors op 28th"]
[Site "Bad Woerishofen"]
[Date "2012.03.06"]
[Round "5.57"]
[White "Girod, Gudrun"]
[Black "Stolzenwald, Karl Heinz"]
[Result "1-0"]
[WhiteElo "1342"]
[BlackElo "1495"]
[PlyCount "81"]
[EventDate "2012.03.02"]
[EventType "swiss"]
[EventRounds "9"]
[EventCountry "GER"]
[SourceTitle "EXT 2022"]
[Source "ChessBase"]
[SourceDate "2021.10.06"]
[SourceVersion "1"]
[SourceVersionDate "2021.10.06"]
[SourceQuality "1"]

1. d4 Nf6 2. c4 Nc6 3. e3 e5 4. dxe5 Nxe5 5. Nf3 Ng6 6. Bd3 Be7 7. Nc3 d6 8. h3 Ne5 9. Nxe5 dxe5 10. 0-0 0-0 11. e4 c6 12. Bg5 Be6 13. Be2 h6 14. Bxf6 Bxf6 15. Qc2 Qe7 16. Rad1 Bg5 17. b3 Qf6 18. Bg4 Bxg4 19. hxg4 Qe6 20. f3 Be3+ 21. Kh1 Qf6 22. g3 Bd4 23. Ne2 c5 24. Kg2 g5 25. Nc3 Qg6 26. Nd5 Kg7 27. Ne7 Qf6 28. Nd5 Qd6 29. Rh1 Rh8 30. Qe2 a5 31. Ne3 Qf6 32. Nf5+ Kf8 33. Rh5 a4 34. Rdh1 Qg6 35. Rxh6 Rxh6 36. Rxh6 Qg8 37. Qd3 Ke8 38. bxa4 Rxa4 39. Qb3 Rb4 40. Qa3 Kd7 41. Rd6+ 1-0

[Event "Bad Woerishofen Seniors op 28th"]
[Site "Bad Woerishofen"]
[Date "2012.03.04"]
[Round "3.55"]
[White "Braeu, Ludwig"]
[Black "Stolzenwald, Karl Heinz"]
[Result "1-0"]
[WhiteElo "1712"]
[BlackElo "1495"]
[PlyCount "57"]
[EventDate "2012.03.02"]
[EventType "swiss"]
[EventRounds "9"]
[EventCountry "GER"]
[SourceTitle "EXT 2022"]
[Source "ChessBase"]
[SourceDate "2021.10.06"]
[SourceVersion "1"]
[SourceVersionDate "2021.10.06"]
[SourceQuality "1"]

1. c4 Nf6 2. g3 c5 3. Bg2 Nc6 4. e4 d6 5. Nc3 e6 6. Nge2 Be7 7. 0-0 a6 8. d4 cxd4 9. Nxd4 0-0 10. h3 Re8 11. Be3 Qc7 12. Rc1 Bd7 13. Nd5 Qd8 14. Nxe7+ Qxe7 15. Qd2 Nxd4 16. Bxd4 e5 17. Bb6 Bc6 18. Rfe1 Nd7 19. Bc7 Qf6 20. Bxd6 Re6 21. c5 Nf8 22. h4 Rae8 23. Qc3 Nd7 24. Rcd1 h6 25. Bh3 Nf8 26. Rd3 g5 27. Bxf8 Rxf8 28. Bxe6 Qxe6 29. Rd6 1-0

[Event "Bad Woerishofen Seniors op 28th"]
[Site "Bad Woerishofen"]
[Date "2012.03.02"]
[Round "1.46"]
[White "Stolzenwald, Karl Heinz"]
[Black "Schwertel, Johann"]
[Result "0-1"]
[WhiteElo "1495"]
[BlackElo "1881"]
[PlyCount "88"]
[EventDate "2012.03.02"]
[EventType "swiss"]
[EventRounds "9"]
[EventCountry "GER"]
[SourceTitle "EXT 2022"]
[Source "ChessBase"]
[SourceDate "2021.10.06"]
[SourceVersion "1"]
[SourceVersionDate "2021.10.06"]
[SourceQuality "1"]

1. Nf3 d5 2. d4 Nf6 3. c4 c6 4. Bf4 e6 5. e3 Bb4+ 6. Nbd2 0-0 7. a3 Bd6 8. Bxd6 Qxd6 9. c5 Qc7 10. Bd3 Nbd7 11. 0-0 e5 12. Nxe5 Nxe5 13. dxe5 Qxe5 14. Qc2 Bg4 15. Rae1 Rfe8 16. Nb3 Rad8 17. Nd4 Bc8 18. b4 a6 19. Nf3 Qh5 20. Be2 Ne4 21. Nd4 Qe5 22. Bxa6 bxa6 23. Nxc6 Qc7 24. Nxd8 Rxd8 25. f3 Nf6 26. Rf2 Bb7 27. Qb2 Bc6 28. Rd2 Re8 29. Rd4 Re5 30. Qf2 Qe7 31. h3 g6 32. g4 h5 33. f4 Re4 34. g5 Ne8 35. Rxe4 Qxe4 36. Rd1 d4 37. Kh2 d3 38. f5 gxf5 39. Rf1 Ng7 40. Qg3 d2 41. g6 fxg6 42. Qb8+ Kh7 43. Qd6 Qe6 44. Qxd2 Qe5+ 0-1

[Event "Bad Woerishofen Seniors opA 23rd"]
[Site "Bad Woerishofen"]
[Date "2007.03.15"]
[Round "8"]
[White "Stolzenwald, Karl Heinz"]
[Black "Fahnenschmidt, Gerhard"]
[Result "0-1"]
[WhiteElo "1812"]
[BlackElo "1966"]
[PlyCount "60"]
[EventDate "2007.03.08"]
[EventType "swiss"]
[EventRounds "9"]
[EventCountry "GER"]
[SourceTitle "EXT 2022"]
[Source "ChessBase"]
[SourceDate "2021.10.06"]
[SourceVersion "1"]
[SourceVersionDate "2021.10.06"]
[SourceQuality "1"]

1. b4 Nf6 2. Bb2 e6 3. b5 c5 4. c4 b6 5. e3 Bb7 6. Nf3 d6 7. Be2 Nbd7 8. a4 g5 9. d4 g4 10. Nfd2 Bxg2 11. Rg1 Bb7 12. Bxg4 Rg8 13. Rg3 cxd4 14. Bxd4 d5 15. Be2 e5 16. Rxg8 Nxg8 17. Bb2 Bb4 18. Qb3 Qe7 19. Ba3 Bxa3 20. Qxa3 Nc5 21. Nf1 d4 22. Nbd2 0-0-0 23. 0-0-0 f5 24. exd4 Rxd4 25. Nb1 Qg5+ 26. Kb2 Rxd1 27. Bxd1 Nf6 28. a5 e4 29. a6 Ba8 30. Qg3 Nd3+ 0-1

[Event "Bayern-chB 77th"]
[Site "Bad Woerishofen"]
[Date "2006.08.30"]
[Round "6"]
[White "Walz, Robert"]
[Black "Stolzenwald, Karl Heinz"]
[Result "1/2-1/2"]
[WhiteElo "1803"]
[BlackElo "1812"]
[PlyCount "90"]
[EventDate "2006.08.26"]
[EventType "swiss"]
[EventRounds "9"]
[EventCountry "GER"]
[SourceTitle "EXT 2015"]
[Source "ChessBase"]
[SourceDate "2014.11.20"]
[SourceVersion "1"]
[SourceVersionDate "2014.11.20"]
[SourceQuality "1"]

1. e4 e6 2. d4 d5 3. Nc3 dxe4 4. Nxe4 Bd7 5. Bd3 Bc6 6. Nf3 Bxe4 7. Bxe4 c6 8. 0-0 Nf6 9. Bd3 Nbd7 10. Re1 Be7 11. Ne5 0-0 12. Qf3 Qc7 13. Bg5 c5 14. Nxd7 Qxd7 15. dxc5 Qd4 16. Qxb7 Qxc5 17. Be3 Qd6 18. Qf3 Nd5 19. Rad1 Qb4 20. Bc1 Nf6 21. a3 Qb6 22. b4 Rfd8 23. c4 a5 24. c5 Qc7 25. Bf4 Qc8 26. Be5 axb4 27. axb4 Ne8 28. Qe4 g6 29. h3 Bf6 30. Bxf6 Nxf6 31. Qe5 Nd5 32. Be4 Rb8 33. Bxd5 exd5 34. Qd4 Qc6 35. Re5 Qa4 36. Rxd5 Rxd5 37. Qxd5 Rxb4 38. c6 Rc4 39. c7 Rxc7 40. Qd8+ Kg7 41. Re1 Qd7 42. Qb8 Rc8 43. Qe5+ Kg8 44. Re3 Rc1+ 45. Kh2 Qc7 1/2-1/2